| 000 | 01298cam a2200325 a 4500 | ||
|---|---|---|---|
| 001 | 655991 | ||
| 003 | ARRUPE | ||
| 005 | 20160824154632.0 | ||
| 008 | 941101s1995 mou 000 0 eng d | ||
| 010 | _a 94073018 | ||
| 020 | _a0892437650 | ||
| 035 | _a(OCoLC)33858367 | ||
| 040 |
_aOWorP _cOWorP _dDLC |
||
| 041 | 1 |
_aeng _hger |
|
| 042 | _alccopycat | ||
| 050 | 0 | 0 | _aRX4705.H257A3 1995 |
| 082 | 0 | 0 |
_a362.1/9699432/0092 _aB _220 |
| 100 | 1 |
_aHäring, Bernhard, _d1912- _925498 |
|
| 240 | 1 | 0 |
_aIch habe Deine Tränen gesehen. _lEnglish |
| 245 | 1 | 0 |
_aI have seen your tears : _bnotes of support from a fellow sufferer / _cBernard Häring ; translated by Robert Hodge. |
| 250 | _a1st ed. in English | ||
| 260 |
_aLiguori, Mo. : _bLiguori Pub., _cc1995. |
||
| 300 |
_axiv, 114 p. ; _c19 cm. |
||
| 600 | 1 | 0 |
_aHäring, Bernhard, _d1912- _xHealth. _925499 |
| 650 | 0 |
_aSuffering _xReligious aspects _xCatholic Church. _925500 |
|
| 650 | 0 |
_aCancer _xReligious aspects _xCatholic Church. _925501 |
|
| 906 |
_a7 _bcbc _ccopycat _d3 _eopcn _f19 _gy-gencatlg |
||
| 942 |
_2lcc _cMONOGRAPH |
||
| 999 |
_c125141 _d125141 |
||